[Event "Cto. Espana Selecciones Autonomicas"]
[Site "Padron"]
[Date "2006.10.06"]
[Round "3.4"]
[White "Tattersall, Lester"]
[Black "Martin Echeandia, Ibon"]
[Result "1-0"]
[WhiteElo "2254"]
[BlackElo "2232"]
[PlyCount "39"]
[EventDate "2006.10.??"]

1. e4 d5 2. exd5 Nf6 3. d4 Bg4 4. Nf3 Qxd5 5. Be2 Nc6 6. c4 Qh5 7. Be3 O-O-O 8.
Nc3 e6 9. Qa4 Bb4 10. h3 Bxf3 11. Bxf3 Qa5 12. Bxc6 Bxc3+ 13. bxc3 Qxc3+ 14.
Ke2 bxc6 15. Rab1 Ne4 16. Rhc1 Qd3+ 17. Kxd3 Nc5+ 18. Ke2 Nxa4 19. c5 e5 20.
dxe5 1-0

[Event "Cto. Espana Selecciones Autonomicas"]
[Site "Padron"]
[Date "2006.10.06"]
[Round "3.4"]
[White "Angulo Martinez, Jon"]
[Black "Pons Carreras, David"]
[Result "1/2-1/2"]
[WhiteElo "2133"]
[BlackElo "2272"]
[PlyCount "76"]
[EventDate "2006.10.??"]

1. e4 e6 2. d3 c5 3. Nf3 Nc6 4. g3 g6 5. Bg2 Bg7 6. O-O Nge7 7. c3 e5 8. Be3 d6
9. d4 cxd4 10. cxd4 Bg4 11. dxe5 dxe5 12. Qb3 O-O 13. Nc3 Nd4 14. Bxd4 exd4 15.
Ne2 Qd7 16. Rfd1 Nc6 17. Nf4 g5 18. Nxg5 Bxd1 19. Rxd1 h6 20. Bh3 Qe7 21. Nf3
Qb4 22. Qxb4 Nxb4 23. a3 Nc6 24. Nd5 Rad8 25. b4 f5 26. b5 fxe4 27. bxc6 bxc6
28. Ne7+ Kf7 29. Nxc6 exf3 30. Nxd8+ Rxd8 31. Bg4 d3 32. Bxf3 d2 33. Kf1 Bb2
34. Rb1 Bxa3 35. Rb7+ Be7 36. Bd1 a5 37. Ke2 Kf6 38. Rb6+ Kg7 1/2-1/2

[Event "Cto. Espana Selecciones Autonomicas"]
[Site "Padron"]
[Date "2006.10.06"]
[Round "3.4"]
[White "Serrano Bozada, Esteban"]
[Black "Camara Gil, Paula"]
[Result "1-0"]
[WhiteElo "2073"]
[BlackElo "1894"]
[PlyCount "41"]
[EventDate "2006.10.??"]

1. e4 c5 2. Nf3 e6 3. c3 d5 4. e5 Nc6 5. d4 Qb6 6. Bd3 Bd7 7. dxc5 Bxc5 8. O-O
Nge7 9. b4 Nxb4 10. cxb4 Bd4 11. Nxd4 Qxd4 12. Qb3 Qxe5 13. Bb2 Qg5 14. f4 Qh6
15. Rf3 f6 16. Nc3 Qh4 17. Ne2 Kf7 18. Bd4 Nc6 19. Bf2 Qg4 20. Rg3 Qh5 21. Rh3
1-0

[Event "Cto. Espana Selecciones Autonomicas"]
[Site "Padron"]
[Date "2006.10.06"]
[Round "3.5"]
[White "Espineira Gonzalez, Pablo"]
[Black "Bolado Saez, Sergio"]
[Result "1/2-1/2"]
[WhiteElo "2217"]
[BlackElo "2297"]
[PlyCount "74"]
[EventDate "2006.10.??"]

1. c4 Nf6 2. Nc3 e5 3. g3 d6 4. Bg2 g6 5. e3 Bg7 6. Nge2 O-O 7. O-O c6 8. d4
Nbd7 9. d5 c5 10. e4 Ne8 11. Be3 f5 12. f4 Nef6 13. exf5 gxf5 14. fxe5 Nxe5 15.
b3 Neg4 16. Bg5 Qe8 17. Qd3 h6 18. Bf4 Ne4 19. Rac1 Nxc3 20. Nxc3 Qg6 21. Ne2
Bd7 22. h3 Ne5 23. Qd2 Rae8 24. Be3 Re7 25. Kh2 Qe8 26. Nf4 Kh8 27. Rce1 b5 28.
Nd3 bxc4 29. Nxe5 c3 30. Qc1 Bxe5 31. Bxh6 Rg8 32. Bg5 Qg6 33. h4 Rh7 34. Rxe5
dxe5 35. Kg1 Qd6 36. Qxc3 Re8 37. g4 Rf7 1/2-1/2

[Event "Cto. Espana Selecciones Autonomicas"]
[Site "Padron"]
[Date "2006.10.06"]
[Round "3.5"]
[White "Revilla Rio, Francisco"]
[Black "Abuin Boullon, Manuel Angel"]
[Result "0-1"]
[WhiteElo "2200"]
[BlackElo "2144"]
[PlyCount "48"]
[EventDate "2006.10.??"]

1. d4 d5 2. c4 e6 3. Nf3 Nf6 4. Nc3 Be7 5. Bg5 O-O 6. e3 b6 7. Qc2 Bb7 8. Bxf6
Bxf6 9. cxd5 exd5 10. Bd3 h6 11. g4 c5 12. O-O-O Nc6 13. a3 cxd4 14. exd4 Qd6
15. Kb1 Qf4 16. Nxd5 Nxd4 17. Nxd4 Bxd5 18. Ne2 Qf3 19. Rhf1 Rac8 20. Qa4 Rfe8
21. Ng3 b5 22. Bxb5 Bb3 23. Bxe8 Bxa4 24. Bxa4 Rb8 0-1

[Event "Cto. Espana Selecciones Autonomicas"]
[Site "Padron"]
[Date "2006.10.06"]
[Round "3.5"]
[White "Pazos Porta, Antonio"]
[Black "Ceballos Hornero, Daniel"]
[Result "1/2-1/2"]
[WhiteElo "2142"]
[BlackElo "2178"]
[PlyCount "55"]
[EventDate "2006.10.??"]

1. e4 e5 2. Nf3 Nc6 3. Bb5 g6 4. O-O Bg7 5. c3 d6 6. d4 Bd7 7. Re1 Nge7 8. Be3
O-O 9. Na3 h6 10. Qd2 Kh7 11. dxe5 dxe5 12. Rad1 Be6 13. Qc2 Qc8 14. Bc5 Rd8
15. Rxd8 Qxd8 16. Rd1 Qc8 17. Nd2 b6 18. Be3 Qb7 19. Bc4 Bxc4 20. Ndxc4 Rd8 21.
Rxd8 Nxd8 22. Qd3 Qc8 23. Nd2 Ne6 24. Qc4 Qd7 25. f3 c6 26. Qe2 Nc8 27. Ndc4 f6
28. Qd2 1/2-1/2

[Event "Cto. Espana Selecciones Autonomicas"]
[Site "Padron"]
[Date "2006.10.06"]
[Round "3.5"]
[White "Angulo Martinez, Jon"]
[Black "Vega Gomez, Borja"]
[Result "1-0"]
[WhiteElo "2114"]
[BlackElo "2125"]
[PlyCount "115"]
[EventDate "2006.10.??"]

1. d4 Nf6 2. Nc3 d5 3. Bg5 e6 4. e4 dxe4 5. Nxe4 Be7 6. Bxf6 Bxf6 7. Nf3 O-O 8.
c3 Nd7 9. Bd3 Be7 10. Qe2 c5 11. dxc5 Nxc5 12. Nxc5 Bxc5 13. Rd1 Qe7 14. O-O f6
15. b4 Bd6 16. Bxh7+ Kxh7 17. Qd3+ Kg8 18. Qxd6 Qxd6 19. Rxd6 e5 20. h3 Re8 21.
c4 Kf7 22. a3 Be6 23. c5 Rec8 24. Nd2 Rc7 25. Ne4 b6 26. Ra1 Rb8 27. Rd2 Bf5
28. Nd6+ Ke6 29. Nb5 Re7 30. c6 a6 31. c7 Rc8 32. Rd8 Re8 33. Rxe8+ Rxe8 34.
Rc1 Ke7 35. Na7 Bc8 36. Rd1 Bd7 37. Rc1 Bc8 38. Rc6 b5 39. Nxc8+ Rxc8 40. Rxa6
Rxc7 41. Rb6 Ra7 42. Rxb5 Rxa3 43. Rb7+ Kf8 44. b5 Rb3 45. h4 g6 46. g3 Ke8 47.
Kf1 Kd8 48. Ke2 Rb4 49. Kf3 f5 50. b6 Rb2 51. Rb8+ Kd7 52. b7 Kc7 53. Rg8 Rb6
54. b8=Q+ Rxb8 55. Rxb8 Kxb8 56. g4 Kc7 57. gxf5 gxf5 58. h5 1-0

[Event "Cto. Espana Selecciones Autonomicas"]
[Site "Padron"]
[Date "2006.10.06"]
[Round "3.5"]
[White "Senlle Caride, Miguel"]
[Black "Gonzalez Merino, Alberto"]
[Result "0-1"]
[WhiteElo "2084"]
[BlackElo "2058"]
[PlyCount "136"]
[EventDate "2006.10.??"]

1. d4 Nf6 2. c4 c5 3. d5 e5 4. Nc3 d6 5. e4 Be7 6. Nge2 O-O 7. h3 Ne8 8. g4 Bg5
9. Bg2 g6 10. Bxg5 Qxg5 11. Qd2 Qh4 12. Qe3 a6 13. a4 Ng7 14. Qg3 Qg5 15. f4
exf4 16. Qxf4 Qxf4 17. Nxf4 Nd7 18. Nd3 f6 19. b3 h5 20. O-O hxg4 21. hxg4 Ne5
22. Nxe5 fxe5 23. Bf3 Bd7 24. Kg2 Rf7 25. Nd1 Rf4 26. Ne3 Ne8 27. g5 Ng7 28.
Rh1 Raf8 29. Raf1 b5 30. axb5 axb5 31. Rh6 Kf7 32. Bg4 Rxf1 33. Kxf1 Bxg4 34.
Nxg4 bxc4 35. bxc4 Nh5 36. Kg2 Kg7 37. Ne3 Rf4 38. Nf5+ gxf5 39. Rxh5 Rxe4 40.
Rh6 Rxc4 41. Rxd6 Rd4 42. Kf3 c4 43. Ke2 c3 44. Ke3 c2 45. Rc6 Rxd5 46. Rxc2
Kg6 47. Rg2 Rd4 48. Kf3 Rf4+ 49. Ke3 Rg4 50. Ra2 Kxg5 51. Ra5 e4 52. Ra8 Rg3+
53. Kf2 Rb3 54. Ra2 Kf4 55. Rc2 Rf3+ 56. Kg2 Rg3+ 57. Kh2 Rg8 58. Rf2+ Ke5 59.
Re2 f4 60. Ra2 f3 61. Ra7 Kf4 62. Rf7+ Ke3 63. Rf6 Kf2 64. Kh3 e3 65. Ra6 e2
66. Ra2 Kf1 67. Ra1+ e1=Q 68. Rxe1+ Kxe1 0-1

[Event "Cto. Espana Selecciones Autonomicas"]
[Site "Padron"]
[Date "2006.10.06"]
[Round "3.5"]
[White "Iglesias Gascon, Albanta"]
[Black "Lorenzo Serrano, Henar"]
[Result "0-1"]
[WhiteElo "2013"]
[BlackElo "1688"]
[PlyCount "146"]
[EventDate "2006.10.??"]

1. e4 d5 2. exd5 Nf6 3. Bb5+ Bd7 4. Bc4 Bg4 5. f3 Bf5 6. Nc3 Nbd7 7. d3 Nb6 8.
g4 Bg6 9. Bb5+ Nfd7 10. f4 h5 11. f5 Bh7 12. h3 a6 13. Bxd7+ Qxd7 14. Nf3 Qd6
15. Ne4 Qxd5 16. Bf4 O-O-O 17. Nc3 Qc6 18. Ne4 f6 19. Be3 Nd5 20. Bg1 g6 21.
Nd4 Qa4 22. Ne6 gxf5 23. Nxd8 fxe4 24. Ne6 Qa5+ 25. Qd2 Qxd2+ 26. Kxd2 Bh6+ 27.
Ke2 Rg8 28. gxh5 Rg2+ 29. Kf1 Rxc2 30. dxe4 Bxe4 31. Rh2 Rc6 32. Nd4 Rc4 33. b3
Rc3 34. Bf2 e5 35. Ne2 Rf3 36. Kg1 Bd3 37. Ng3 e4 38. Rd1 Nc3 39. Ra1 e3 40.
Be1 Bf4 41. h6 Bxg3 42. Bxc3 Bxh2+ 43. Kxh2 e2 44. Re1 Re3 45. Bxf6 Rf3 46. Bc3
Rf7 47. Rg1 Rh7 48. Bd2 Rh8 49. Bc3 Rxh6 50. Rg3 Bb5 51. Re3 Rc6 52. Bb4 Rc2
53. Kg1 Rxa2 54. h4 Ra1+ 55. Kf2 Rh1 56. Re4 Rh3 57. Re3 Rxh4 58. Be1 Kd7 59.
Rc3 Rf4+ 60. Ke3 Rf1 61. Kd2 Kd6 62. Bg3+ Ke6 63. Re3+ Kd7 64. Be1 a5 65. Re5
c6 66. Re3 Kd6 67. Rh3 Kc5 68. Rc3+ Kb4 69. Re3 Rf5 70. Kc2+ Kc5 71. Bxa5 Kd4
72. Re7 Bd3+ 73. Kd2 Rxa5 0-1

[Event "Cto. Espana Selecciones Autonomicas"]
[Site "Padron"]
[Date "2006.10.07"]
[Round "4.1"]
[White "Fernandez Garcia, Jose Luis"]
[Black "Romero Holmes, Alfonso"]
[Result "1/2-1/2"]
[WhiteElo "2470"]
[BlackElo "2512"]
[PlyCount "22"]
[EventDate "2006.10.??"]

1. e4 d6 2. d4 Nf6 3. Nc3 e5 4. dxe5 dxe5 5. Qxd8+ Kxd8 6. Bg5 Be6 7. g3 Be7 8.
f4 h6 9. Bxf6 Bxf6 10. O-O-O+ Kc8 11. Nd5 Nd7 1/2-1/2

[Event "Cto. Espana Selecciones Autonomicas"]
[Site "Padron"]
[Date "2006.10.07"]
[Round "4.1"]
[White "Narciso Dublan, Marc"]
[Black "Villavicencio Martinez, Adalberto"]
[Result "1-0"]
[WhiteElo "2511"]
[BlackElo "2404"]
[PlyCount "51"]
[EventDate "2006.10.??"]

1. e4 c5 2. Nf3 d6 3. d4 cxd4 4. Nxd4 Nf6 5. Nc3 a6 6. a4 e6 7. Be2 Be7 8. O-O
O-O 9. f4 Qc7 10. Kh1 Nc6 11. Be3 Re8 12. Bf3 Rb8 13. Qe1 Bd7 14. Qg3 Rbc8 15.
a5 e5 16. Nxc6 bxc6 17. Na4 exf4 18. Qxf4 Be6 19. Nb6 Rb8 20. Be2 Qb7 21. Rad1
d5 22. e5 Ne4 23. Bd3 Nc5 24. Bf5 Bf8 25. c4 dxc4 26. Bxc5 1-0

[Event "Cto. Espana Selecciones Autonomicas"]
[Site "Padron"]
[Date "2006.10.07"]
[Round "4.1"]
[White "Ortega Hermida, Daniel"]
[Black "Fluvia Poyatos, Jordi"]
[Result "1/2-1/2"]
[WhiteElo "2380"]
[BlackElo "2458"]
[PlyCount "47"]
[EventDate "2006.10.??"]

1. d4 e6 2. c4 Nf6 3. Nf3 Bb4+ 4. Bd2 c5 5. Bxb4 cxb4 6. Nbd2 O-O 7. e4 d6 8.
Bd3 Nc6 9. O-O e5 10. d5 Nb8 11. c5 dxc5 12. Nxe5 Nbd7 13. Nef3 Re8 14. Qc2 Qc7
15. Rae1 Qf4 16. Qc4 a6 17. e5 Qxc4 18. Bxc4 Ng4 19. e6 fxe6 20. dxe6 Nb6 21.
e7+ Nxc4 22. Nxc4 Bf5 23. Nb6 Rab8 24. h3 1/2-1/2

[Event "Cto. Espana Selecciones Autonomicas"]
[Site "Padron"]
[Date "2006.10.07"]
[Round "4.1"]
[White "Alsina Leal, Daniel"]
[Black "Solana Suarez, Ernesto"]
[Result "1/2-1/2"]
[WhiteElo "2430"]
[BlackElo "2313"]
[PlyCount "69"]
[EventDate "2006.10.??"]

1. e4 c5 2. Nf3 e6 3. d4 cxd4 4. Nxd4 Nc6 5. Nc3 Qc7 6. Be3 a6 7. Bd3 Nf6 8.
O-O b5 9. Nxc6 Qxc6 10. f3 Bc5 11. Qe1 d6 12. Kh1 Bxe3 13. Qxe3 O-O 14. a4 b4
15. Ne2 e5 16. c3 bxc3 17. b4 Be6 18. b5 axb5 19. Bxb5 Qc7 20. Nxc3 Rfc8 21.
Rfc1 Qa5 22. Qd3 Rc5 23. Nd5 Rxc1+ 24. Rxc1 Bxd5 25. exd5 g6 26. g3 Kg7 27. Kg2
h5 28. h4 Rb8 29. Rc2 Qb4 30. Qd2 Qb3 31. Rc3 Qb4 32. Rd3 Qc5 33. Rc3 Qb4 34.
Rc2 Qb3 35. Rc3 1/2-1/2

[Event "Cto. Espana Selecciones Autonomicas"]
[Site "Padron"]
[Date "2006.10.07"]
[Round "4.1"]
[White "Llaneza Vega, Patricia"]
[Black "Cabrera Trujillo, Jorge"]
[Result "1/2-1/2"]
[WhiteElo "2232"]
[BlackElo "2255"]
[PlyCount "58"]
[EventDate "2006.10.??"]

1. e4 c5 2. Nf3 d6 3. d4 cxd4 4. Nxd4 Nf6 5. Nc3 g6 6. Be3 Bg7 7. f3 Nc6 8. Qd2
O-O 9. O-O-O d5 10. h4 dxe4 11. h5 Nxh5 12. g4 Bxd4 13. gxh5 Be5 14. Qe1 Qa5
15. hxg6 Bxc3 16. gxh7+ Kh8 17. Qxc3+ Qxc3 18. bxc3 Be6 19. fxe4 f6 20. Bh3
Bxh3 21. Rxh3 b6 22. Rd7 Rf7 23. Bd4 Rc8 24. Rh5 Rg7 25. e5 Nxd4 26. cxd4 Rg2
27. exf6 Rcxc2+ 28. Kd1 Rcd2+ 29. Kc1 Rc2+ 1/2-1/2

[Event "Cto. Espana Selecciones Autonomicas"]
[Site "Padron"]
[Date "2006.10.07"]
[Round "4.2"]
[White "Paramos Dominguez, Roberto"]
[Black "Almagro Llamas, Pablo"]
[Result "1-0"]
[WhiteElo "2414"]
[BlackElo "2404"]
[PlyCount "135"]
[EventDate "2006.10.??"]

1. e4 c6 2. d4 d5 3. Nd2 dxe4 4. Nxe4 Bf5 5. Ng3 Bg6 6. h4 h6 7. Nf3 Nd7 8. h5
Bh7 9. Bd3 Bxd3 10. Qxd3 e6 11. Bf4 Qa5+ 12. Bd2 Qc7 13. O-O-O Ngf6 14. Ne4
Nxe4 15. Qxe4 Nf6 16. Qe2 Bd6 17. Ne5 O-O-O 18. f4 c5 19. dxc5 Bxc5 20. Rh3 Rd4
21. Be3 Rxd1+ 22. Qxd1 Rd8 23. Qe2 Bxe3+ 24. Rxe3 Nd5 25. Re4 Kb8 26. Rd4 Qb6
27. Qd2 f6 28. Nc4 Qa6 29. a3 Rc8 30. Qd3 f5 31. Qe2 Ka8 32. g3 Qc6 33. Kb1 b6
34. Ne5 Qc5 35. Qd2 Rc7 36. c4 Nf6 37. b4 Qe7 38. Qd3 Kb7 39. Kb2 a6 40. Qf3+
Ne4 41. Rxe4 fxe4 42. Qxe4+ Ka7 43. Nc6+ Rxc6 44. Qxc6 Qf6+ 45. Kb3 Qd4 46. Qf3
Kb8 47. Qe2 Ka7 48. Kc2 Qg1 49. Qd2 Qf1 50. Qd7+ Ka8 51. Qe8+ Ka7 52. Qf7+ Kb8
53. Qf8+ Kb7 54. Qf7+ Kb8 55. Qg8+ Kb7 56. Qxg7+ Kc6 57. Qd4 Qe2+ 58. Qd2 Qe4+
59. Kc3 Qb1 60. Kd4 Qg1+ 61. Ke5 Qxg3 62. Qd6+ Kb7 63. Qe7+ Kb8 64. Qe8+ Kb7
65. Qxe6 Qe3+ 66. Kf5 Qh3+ 67. Kf6 Qxh5 68. Qd5+ 1-0

[Event "Cto. Espana Selecciones Autonomicas"]
[Site "Padron"]
[Date "2006.10.07"]
[Round "4.2"]
[White "Gallardo Garcia, Andres"]
[Black "Larino Nieto, David"]
[Result "0-1"]
[WhiteElo "2314"]
[BlackElo "2406"]
[PlyCount "90"]
[EventDate "2006.10.??"]

1. d4 e6 2. c4 Nf6 3. Nc3 Bb4 4. Qc2 c5 5. dxc5 Na6 6. a3 Bxc3+ 7. Qxc3 Nxc5 8.
b4 Na4 9. Qc2 b5 10. cxb5 Nb6 11. Nf3 Bb7 12. e3 Rc8 13. Qd1 O-O 14. Be2 Be4
15. O-O Bc2 16. Qe1 Ne4 17. Bb2 d6 18. Rc1 e5 19. Nd2 Qg5 20. Kh1 Qg6 21. Nxe4
Bxe4 22. f3 Na4 23. Ba1 Bd3 24. Rxc8 Rxc8 25. Bxd3 Qxd3 26. Qd1 Qxd1 27. Rxd1
Kf8 28. f4 f6 29. fxe5 fxe5 30. Kg1 Ke7 31. Rf1 Ke6 32. g4 Rc2 33. Rf2 Rc1+ 34.
Rf1 Rxf1+ 35. Kxf1 Kd5 36. Ke2 Kc4 37. e4 Kb3 38. Kd3 g6 39. h4 h6 40. h5 g5
41. b6 axb6 42. b5 Nc5+ 43. Ke3 Kc2 44. Kf3 Nb3 45. a4 Nxa1 0-1

[Event "Cto. Espana Selecciones Autonomicas"]
[Site "Padron"]
[Date "2006.10.07"]
[Round "4.2"]
[White "Suarez Pousa, Diego"]
[Black "Fernandez Garcia, Miguel Angel"]
[Result "1-0"]
[WhiteElo "2394"]
[BlackElo "2304"]
[PlyCount "77"]
[EventDate "2006.10.??"]

1. e4 c5 2. Nc3 Nc6 3. Nf3 e5 4. Bc4 Be7 5. d3 d6 6. Ne2 Nf6 7. Ng3 O-O 8. c3
Rb8 9. O-O b5 10. Bb3 Be6 11. d4 c4 12. Bc2 Bg4 13. d5 Na5 14. b4 Nb7 15. a4 a6
16. axb5 axb5 17. h3 Bxf3 18. Qxf3 Nd7 19. Nf5 g6 20. Bh6 Bg5 21. Bxf8 gxf5 22.
h4 Bf4 23. g3 Kxf8 24. gxf4 Qxh4 25. Qg3 Qh6 26. Qg5 Qxg5+ 27. fxg5 f4 28. Ra7
Ke7 29. Kg2 Kd8 30. Rh1 Kc7 31. Rxh7 Kb6 32. Rxb7+ Kxb7 33. Rxf7 Kc7 34. Bd1
Rf8 35. Rh7 Kd8 36. Bg4 Nb6 37. Be6 Nc8 38. Rd7+ Ke8 39. Rb7 1-0

[Event "Cto. Espana Selecciones Autonomicas"]
[Site "Padron"]
[Date "2006.10.07"]
[Round "4.2"]
[White "Lopez del Alamo, Antonio"]
[Black "Garcia Castro, Pablo"]
[Result "0-1"]
[WhiteElo "2301"]
[BlackElo "2390"]
[PlyCount "104"]
[EventDate "2006.10.??"]

1. d4 d6 2. e4 Nf6 3. Nc3 Nbd7 4. g3 a6 5. Bg2 e5 6. Nge2 b5 7. a3 Be7 8. O-O
O-O 9. h3 Bb7 10. g4 Re8 11. Ng3 exd4 12. Qxd4 c5 13. Qd1 b4 14. Nd5 Nxd5 15.
exd5 a5 16. f4 Nb6 17. g5 Bf8 18. Nh5 Qe7 19. Bf3 Ba6 20. Rf2 Qe1+ 21. Qxe1
Rxe1+ 22. Kg2 Bb7 23. Rd2 Rae8 24. Kf2 Bxd5 25. Bxd5 Nxd5 26. Rxd5 R8e2+ 27.
Kf3 Rxc2 28. axb4 cxb4 29. Raxa5 Rexc1 30. Ra8 Rc8 31. Rxc8 Rxc8 32. Rb5 d5 33.
Rxd5 Rc2 34. Rd8 Rxb2 35. Ng3 Ra2 36. f5 Ra3+ 37. Kg2 Ra2+ 38. Kf3 Ra3+ 39. Kg2
h6 40. h4 hxg5 41. hxg5 Ra5 42. Rb8 g6 43. Kf3 Ra3+ 44. Kg2 gxf5 45. Nh5 b3 46.
Kf3 b2+ 47. Kf4 Rh3 48. Nf6+ Kg7 49. Kxf5 Rf3+ 50. Kg4 Rf4+ 51. Kh5 Rb4 52.
Ne8+ Kh8 0-1

[Event "Cto. Espana Selecciones Autonomicas"]
[Site "Padron"]
[Date "2006.10.07"]
[Round "4.2"]
[White "Guerra Bastida, Diego"]
[Black "Arribas Lopez, Angel"]
[Result "1/2-1/2"]
[WhiteElo "2361"]
[BlackElo "2199"]
[PlyCount "106"]
[EventDate "2006.10.??"]

1. c4 g6 2. g3 Bg7 3. Bg2 e5 4. Nc3 Ne7 5. d3 O-O 6. e4 f5 7. Nge2 d6 8. O-O c5
9. Bg5 Nbc6 10. Qd2 f4 11. gxf4 h6 12. Bxe7 Qxe7 13. fxe5 Qh4 14. Nd5 Bh3 15.
Nef4 Nxe5 16. Qe3 Bxg2 17. Nxg2 Qh5 18. f4 Nxc4 19. Qg3 Nxb2 20. Rab1 Bd4+ 21.
Kh1 Kh7 22. Nh4 Rf7 23. Nf3 Bg7 24. d4 Na4 25. Rg1 Raf8 26. Nh4 Bxd4 27. Nxg6
Rg8 28. f5 Be5 29. Ndf4 Bxf4 30. Qxf4 Nc3 31. Rb3 Ne2 32. Qg4 Qxg4 33. Rxg4 c4
34. Re3 Nd4 35. Rh3 Rc8 36. Rgh4 c3 37. Rxh6+ Kg7 38. Nf4 Rc5 39. Rg6+ Kf8 40.
f6 Ke8 41. Rg8+ Rf8 42. Rxf8+ Kxf8 43. Rh7 Rg5 44. Rc7 c2 45. Rxc2 Nxc2 46.
Ne6+ Kf7 47. Nxg5+ Kxf6 48. Nf3 Nb4 49. a3 Nd3 50. Kg1 Nc5 51. Nd2 Ke5 52. Nc4+
Ke6 53. Nd2 Ke5 1/2-1/2

[Event "Cto. Espana Selecciones Autonomicas"]
[Site "Padron"]
[Date "2006.10.07"]
[Round "4.2"]
[White "Pascual Palomo, Lucia"]
[Black "Redondo Arguelles, Graciela"]
[Result "1/2-1/2"]
[WhiteElo "2102"]
[BlackElo "2108"]
[PlyCount "128"]
[EventDate "2006.10.??"]

1. e4 e6 2. d4 d5 3. Nc3 Nf6 4. Bg5 Bb4 5. exd5 Qxd5 6. Bxf6 Bxc3+ 7. bxc3 gxf6
8. Qd2 c5 9. Ne2 Nc6 10. Nf4 Qe4+ 11. Qe3 Qxe3+ 12. fxe3 Bd7 13. Nd3 cxd4 14.
cxd4 O-O-O 15. Be2 Ne7 16. Kf2 Bc6 17. Rhb1 Rhg8 18. g3 Rg5 19. c4 h5 20. Rf1
h4 21. Bf3 hxg3+ 22. hxg3 Bxf3 23. Kxf3 Rdg8 24. Ke2 Nf5 25. Kd2 Nxg3 26. Rf4
f5 27. Ne5 Ne4+ 28. Kd3 Rg2 29. c5 Rd2+ 30. Kc4 Rc2+ 31. Kb4 Rgg2 32. Nxf7 Rxa2
33. Rxa2 Rxa2 34. Rh4 Re2 35. Rh3 Nf6 36. Nd6+ Kd7 37. Nc4 Re1 38. Ne5+ Kc7 39.
Kc3 Ra1 40. Kb2 Rg1 41. Kc2 a5 42. Nc4 a4 43. Rh6 Nd5 44. Rxe6 Rg2+ 45. Kd3 f4
46. Re5 Nxe3 47. Nxe3 Rg3 48. Re7+ Kc8 49. Rf7 Rxe3+ 50. Kc2 f3 51. Kb2 Rd3 52.
Ka2 Rxd4 53. Rxf3 Kc7 54. Rf6 Rd3 55. Rf4 Kc6 56. Rxa4 Kxc5 57. Rh4 b5 58. Kb2
Rg3 59. Rf4 b4 60. Rf8 Rg2+ 61. Kb3 Rg3+ 62. Kb2 Rg2+ 63. Kb3 Rg3+ 64. Kb2 Kd5
1/2-1/2

[Event "Cto. Espana Selecciones Autonomicas"]
[Site "Padron"]
[Date "2006.10.07"]
[Round "4.3"]
[White "Mascaro March, Pedro"]
[Black "Gonzalez Menendez, Ivan"]
[Result "1/2-1/2"]
[WhiteElo "2360"]
[BlackElo "2420"]
[PlyCount "49"]
[EventDate "2006.10.??"]

1. d4 Nf6 2. c4 c5 3. d5 e6 4. Nc3 exd5 5. cxd5 d6 6. e4 g6 7. Bd3 Bg7 8. h3
O-O 9. Nf3 Nh5 10. O-O a6 11. a4 Nd7 12. Bg5 Bf6 13. Bh6 Re8 14. Qd2 Ne5 15.
Be2 Nxf3+ 16. Bxf3 Bd7 17. a5 Ng7 18. Na4 Bxa4 19. Rxa4 b5 20. axb6 Qxb6 21.
Rfa1 Reb8 22. R4a2 Ne8 23. Be2 Nc7 24. Bf4 Bd4 25. Bc4 1/2-1/2

[Event "Cto. Espana Selecciones Autonomicas"]
[Site "Padron"]
[Date "2006.10.07"]
[Round "4.3"]
[White "Llaneza Vega, Marcos"]
[Black "Calzetta Ruiz, Monica"]
[Result "1-0"]
[WhiteElo "2381"]
[BlackElo "2344"]
[PlyCount "51"]
[EventDate "2006.10.??"]

1. e4 c5 2. Nc3 Nc6 3. Nf3 g6 4. Bb5 Bg7 5. O-O Nd4 6. Bc4 d6 7. d3 Nf6 8. Nxd4
cxd4 9. Ne2 Nd7 10. f4 O-O 11. Qe1 Nb6 12. Bb3 a5 13. a4 Bd7 14. f5 Qe8 15. Qh4
Bxa4 16. fxg6 hxg6 17. Bxa4 Nxa4 18. Rf3 Nc5 19. Rh3 f6 20. Qh7+ Kf7 21. Bh6
Rg8 22. Nf4 e5 23. Qxg6+ Ke7 24. Nd5+ Kd8 25. Qxe8+ Kxe8 26. Bxg7 1-0

[Event "Cto. Espana Selecciones Autonomicas"]
[Site "Padron"]
[Date "2006.10.07"]
[Round "4.3"]
[White "Gonzalez Arribas, Vidal Alejandro"]
[Black "Andres Gonzalez, Ivan"]
[Result "1/2-1/2"]
[WhiteElo "2297"]
[BlackElo "2367"]
[PlyCount "52"]
[EventDate "2006.10.??"]

1. c4 Nf6 2. Nc3 e6 3. Nf3 d5 4. d4 c6 5. e3 Nbd7 6. Qc2 Bd6 7. Bd3 O-O 8. e4
dxe4 9. Nxe4 Nxe4 10. Bxe4 f5 11. Bd3 c5 12. O-O cxd4 13. Nxd4 Bxh2+ 14. Kxh2
Qh4+ 15. Kg1 Qxd4 16. Be3 Qf6 17. c5 Ne5 18. Be2 Bd7 19. Bd4 Bc6 20. Bxe5 Qxe5
21. Rfe1 Qf6 22. Bc4 Kh8 23. Qc3 Qg6 24. f3 f4 25. Rxe6 Qg5 26. Re5 Rf5 1/2-1/2

[Event "Cto. Espana Selecciones Autonomicas"]
[Site "Padron"]
[Date "2006.10.07"]
[Round "4.3"]
[White "Vigil Alvarez, Luis"]
[Black "Munoz Agullo, Jose Francisco"]
[Result "0-1"]
[WhiteElo "2324"]
[BlackElo "2276"]
[PlyCount "108"]
[EventDate "2006.10.??"]

1. e4 c5 2. Nc3 e6 3. Nge2 Nc6 4. g3 a6 5. a4 Nf6 6. Bg2 Be7 7. O-O O-O 8. f4
d6 9. d3 Qc7 10. h3 d5 11. e5 Nd7 12. Kh1 Rb8 13. Ng1 b5 14. axb5 axb5 15. Nf3
b4 16. Ne2 d4 17. g4 Bb7 18. Ng3 Ra8 19. Rb1 Rfd8 20. Qe2 b3 21. c4 dxc3 22.
bxc3 c4 23. d4 Nb6 24. f5 Ra2 25. Bd2 Na5 26. Ne4 Bxe4 27. Qxe4 Nd5 28. Ra1 Ra8
29. g5 Nc6 30. Rab1 g6 31. fxe6 fxe6 32. h4 Bf8 33. Bh3 Qd7 34. h5 Nce7 35. Rg1
R8a6 36. Rbd1 Rc2 37. hxg6 hxg6 38. Rc1 Raa2 39. Rxc2 Rxc2 40. Qe1 Qc6 41. Rf1
Bg7 42. Kg1 Nf5 43. Qe4 Qa4 44. Bxf5 gxf5 45. Qh4 Qe8 46. Ra1 Nxc3 47. Bxc3
Rxc3 48. Kf2 b2 49. Rb1 Rc2+ 50. Kg3 c3 51. Qf4 Qb5 52. d5 Qxd5 53. Qa4 Bxe5+
54. Kh4 Qe4+ 0-1

[Event "Cto. Espana Selecciones Autonomicas"]
[Site "Padron"]
[Date "2006.10.07"]
[Round "4.3"]
[White "Pons Carreras, David"]
[Black "Fidalgo Fernandez, Javier"]
[Result "1/2-1/2"]
[WhiteElo "2272"]
[BlackElo "2243"]
[PlyCount "54"]
[EventDate "2006.10.??"]

1. Nf3 d5 2. c4 c6 3. e3 Nf6 4. Nc3 e6 5. d4 Nbd7 6. Bd3 a6 7. e4 dxe4 8. Nxe4
Nxe4 9. Bxe4 Nf6 10. Bc2 c5 11. O-O cxd4 12. Bg5 Be7 13. Qd3 Qc7 14. Qxd4 Bd7
15. Bf4 Qc5 16. Qxc5 Bxc5 17. Ne5 Ke7 18. Nxd7 Nxd7 19. Rad1 f6 20. Rfe1 e5 21.
Bf5 Rad8 22. Be3 Bxe3 23. fxe3 g6 24. Bxd7 Rxd7 25. Rxd7+ Kxd7 26. Rd1+ Ke6 27.
Rd2 Rc8 1/2-1/2

[Event "Cto. Espana Selecciones Autonomicas"]
[Site "Padron"]
[Date "2006.10.07"]
[Round "4.3"]
[White "Fidalgo Fernandez, Lucia"]
[Black "Serrano Bozada, Esteban"]
[Result "0-1"]
[WhiteElo "2079"]
[BlackElo "2073"]
[PlyCount "62"]
[EventDate "2006.10.??"]

1. e4 e6 2. Nf3 d5 3. Nc3 Nf6 4. e5 Nfd7 5. d4 c5 6. dxc5 Bxc5 7. Bd3 Nc6 8.
Bf4 f6 9. Qe2 O-O 10. O-O fxe5 11. Bxe5 Rxf3 12. Qxf3 Ncxe5 13. Qh3 Nf6 14.
Rae1 Nf7 15. Kh1 e5 16. Bf5 Bb4 17. Rd1 Bxc3 18. bxc3 Bxf5 19. Qxf5 Qc8 20. Qd3
Qc6 21. Rb1 b6 22. f3 Rc8 23. Rb3 e4 24. fxe4 dxe4 25. Qe3 Ne5 26. h3 Nc4 27.
Qg5 e3 28. Rb4 h6 29. Qh4 a5 30. Rxf6 Qxf6 31. Rxc4 Qf1+ 0-1